Gautama Buddha. (Record no. 71415)

MARC details
000 -LEADER
fixed length control field 00578cam a22002411 4500
001 - CONTROL NUMBER
control field sa 66007812
003 - CONTROL NUMBER IDENTIFIER
control field DLC
005 - DATE AND TIME OF LATEST TRANSACTION
control field 20260227112307.0
008 - FIXED-LENGTH DATA ELEMENTS--GENERAL INFORMATION
fixed length control field 940907s1962 ii 000 0 orio
010 ## - LIBRARY OF CONGRESS CONTROL NUMBER
LC control number sa 66007812
025 ## - OVERSEAS ACQUISITION NUMBER
Overseas acquisition number PL480:I-O-657
035 ## - SYSTEM CONTROL NUMBER
System control number (OCoLC)31063556
040 ## - CATALOGING SOURCE
Original cataloging agency DLC
Transcribing agency CU
Modifying agency CU
-- DLC
042 ## - AUTHENTICATION CODE
Authentication code premarc
050 00 - LIBRARY OF CONGRESS CALL NUMBER
Classification number PK2579.D3434
Item number G3
100 1# - MAIN ENTRY--PERSONAL NAME
Personal name Das, Nikunja Kishor,
Dates associated with a name 1900-
245 10 - TITLE STATEMENT
Title Gautama Buddha.
260 ## - PUBLICATION, DISTRIBUTION, ETC.
Date of publication, distribution, etc. [1962]
300 ## - PHYSICAL DESCRIPTION
Extent 182 p.
Dimensions 19 cm.
500 ## - GENERAL NOTE
General note In Oriya.
500 ## - GENERAL NOTE
General note A play.
600 00 - SUBJECT ADDED ENTRY--PERSONAL NAME
Personal name Gautama Buddha
Form subdivision Drama.

No items available.

Powered by Koha